00760nam a22001937a 450000500170000000800410001702000150005802000180007304000480009104100080013910000300014724501140017726000610029130000380035250400530039065000480044365000340049165000410052520150717140006.0131125s2012 xxua frn 001 0 eng  a0199915997 a9780199915996 aCO-BoUCMbspac[Nuevo]dAldemar Mondragón00aeng1 aStanton, Thomas H.d1944-10aWhy some firms thrive while others fail governance and management lessons from the crisiscThomas H. Stanton aNew York (Estados Unidos)bOxford University Pressc2012 axii, 278 páginasbilustraciones aIncluye referencias bibliográficas e índices 7aAdministración industrialzEstados Unidos 7aCorporacioneszEstados Unidos 7aCrissi financiera mundial, 2008-2009